[Event "24' Week End"]
[Site "Porto Sant'Elpidio (FM)"]
[Date "2023.11.26"]
[Round "?"]
[White "Miandro, Roberto"]
[Black "Rinaudo, Sergio"]
[Result "0-1"]
[WhiteElo "1971"]
[BlackElo "2034"]
[Annotator " "]
[PlyCount "100"]
[EventDate "2023.??.??"]

1. c4 e6 2. e3 d5 3. d4 dxc4 4. Bxc4 c5 5. Ne2 Nf6 6. O-O a6 7. dxc5 Bxc5 8.
Qxd8+ Kxd8 9. Rd1+ Ke7 10. a3 b5 11. Ba2 Bb7 12. b4 Bd6 13. Nbc3 Nbd7 14. Bb2
Nb6 15. Rac1 Rhc8 16. Bb3 Nc4 17. Bxc4 Rxc4 18. Na2 Rxc1 19. Rxc1 Bd5 20. Nac3
Bc4 21. Nd4 Rc8 22. Nb1 Ng4 23. Nf3 Rg8 24. h3 Nf6 25. Nbd2 Bd5 26. Nd4 Kd7 27.
N4b3 Ra8 28. Bd4 Ke7 29. Na5 Kd7 30. f3 e5 31. Bb2 Rc8 32. Rxc8 Kxc8 33. Kf2
Nd7 34. e4 Be6 35. Ke3 Kc7 36. Bc3 Nb6 37. Kd3 Nd7 38. Bb2 Nf6 39. g4 h5 40.
Bc1 h4 41. Nf1 Nh7 42. Be3 Be7 43. f4 exf4 44. Bxf4+ Bd6 45. e5 Be7 46. Ne3 Ng5
47. Bxg5 Bxg5 48. Ke4 Bxe3 49. Kxe3 g5 50. Kf2 Bd5 0-1